00493nam a2200157 i 450000100060000000300090000600500170001500700030003200800410003510000240007624500990010026000460019930000210024560000460026685200230031240121ES-MaACL20230906160139.0t|030305s1928 ag ||||1| spa d1 aCárcamo, Roberto.10aHa desaparecido una gloria española, el doctor José R. Carracido /cpor Roberto Cárcamo. aBuenos Aires : bTomás Palumbo, c1928. a10 p. ; c25 cm.14aRodríguez Carracido, José,d1856-1928 aES-MaACLj1725-F-5